Responses for show #2053 - Wednesday, July 7, 1993

Ed Schiffer game 3.

Contestants

Paul Agosti, a claims representative originally from St. Louis, Missouri

Shana Rosenfeld, an administrative assistant from New Rochelle, New York

Ed Schiffer, a college lecturer originally from New York City, New York (whose 2-day cash winnings total $30,002)

Jeopardy! Round responses

AMERICAN HISTORY
ACTORS & ROYAL ROLES
AWARDS
EYES
FOODS OF THE WORLD
CROSSWORD CLUES "E"
    $100 19
Texas

Shana
    $100 16
Princess Diana

Ed
    $100 25
Miss America

Ed
    $100 11
iris

Ed
    $100 6
Parmesan

Shana
    $100 1
Espana

Shana
    $200 20
Wells Fargo

Ed
    $200 17
Mary, Queen of Scots

Shana
    $200 27
Mamie Eisenhower

Shana
    $200 12
glaucoma

Shana
    $200 7
caviar

Shana
    $200 2
embroidery

Ed
    $300 21
the Missouri Compromise

Ed
    $300 18
(Shana: Who is Wallace Warfield Simpson, the Duchess of Windsor?)

Sarah Ferguson

ShanaPaul
    $300 28
India

Paul
    $300 13
Vitamin A

Shana
    $300 8
tofu

Ed
    $300 3
(Shana: What is an embryo?)

eaglet

Shana
Triple Stumper
    $400 22
(Ed: What is the Mother Lode?)

the Comstock Lode

EdPaul
    $400 24
Duke of Windsor

Paul
    $400 29
Hank Aaron

Ed
    $400 14
(Shana: What is pinkeye?)
(Ed: What is conjunctivitis?)

stye

EdShana
Triple Stumper
    $400 9
humble pie

Shana
    $400 4
eternity

Ed
    $500 23
Articles of Confederation

Paul
    $500 26
Anastasia

Ed
    $500 30
(Ed: What is the what....Fatted Calf? I can't remember what it is, sorry.)

the "Golden Fleece"

Ed
    $500 15
vitreous humor

Triple Stumper
    $500 10
lamb

Shana
    $500 5
Electra

Ed

Scores at the first commercial break (after clue 15):

Ed Shana Paul
$1,100 $1,100 $0

Scores at the end of the Jeopardy! Round:

Ed Shana Paul
$1,800 $1,300 $1,900

Double Jeopardy! Round responses

NOTABLE NAMES
EUROPEAN TRAVEL
AUTHORS
SPACE EXPLORATION
FAMOUS SPEECHES
THEATRE
    $200 6
Dante

Shana
    $200 26
Venice

Paul
    $200 1
Margaret Mitchell

Ed
    $200 11
John Glenn

Ed
    $200 17
The Gettysburg Address

Ed
    $200 12
Japan

Shana
    $400 7
(Paul: Who is Edison?)

Alexander Graham Bell

Paul
Triple Stumper
    $400 27
French

Ed
    $400 2
German

Paul
    $400 22
Gemini

Paul
    $1,200 18
Mohandas Gandhi

Ed
    $400 13
Moliere

Ed
    $600 8
Hapsburgs

Ed
    $600 28
Budapest

Ed
    $600 3
(Ed: What is "Portnoy's Complaint?")

Goodbye, Columbus

EdPaul
    $600 23
Challenger

Paul
    $600 19
king

Shana
    $600 14
Desire Under the Elms

Ed
    $800 9
(Paul: Who is Sitting Bull?)

Crazy Horse

ShanaPaul
    $800 29
[end-of-round signal sounds]

Innsbruck

Ed
    $800 4
South Africa

Ed
    $800 24
Skylab

Shana
    $800 20
Simon Bolivar

Ed
    $800 15
Stockholm

Shana
    $1000 10
St. Thomas Aquinas

Triple Stumper
    $1000 5
Sholem Aleichem

Shana
    $1000 25
(Alex: And we have about a minute left in this round.)

Apollo-Soyuz

Triple Stumper
    $1000 21
William Jennings Bryan

Paul
    $1000 16
Murder in the Cathedral

Ed

Scores at the end of the Double Jeopardy! Round:

Ed Shana Paul
$9,000 $5,700 $3,900

[wagering suggestions for these scores]

Final Jeopardy! Round responses

WOMEN
PaulWho is Marilyn Monroe?
$1,000
ShanaWho is Marilyn Monroe?
$5,000
EdWho was Marilyn Monroe?
$2,401
Marilyn Monroe

Final scores:

Ed Shana Paul
$11,401 $10,700 $4,900
3-day champion: $41,403 2nd place: Trip to Safety Harbor Spa & Fitness Center in Tampa, Florida 3rd place: Broyhill Millwood Creek day bed

Game dynamics:

Coryat scores:

Ed Shana Paul
$8,700 $5,700 $3,900
24 R
(including 2 DDs),
4 W
(including 1 DD)
17 R,
3 W
11 R,
2 W

Combined Coryat: $18,300

The J! Archive is created by fans, for fans. The Jeopardy! game show and all elements thereof, including but not limited to copyright and trademark thereto, are the property of Jeopardy Productions, Inc. and are protected under law. This website is not affiliated with, sponsored by, or operated by Jeopardy Productions, Inc. Join the discussion at JBoard.tv.